| 000 | 00396pam a2200157 a 4500 | ||
|---|---|---|---|
| 020 |
_a9780702029134 _c |
||
| 041 | _h | ||
| 082 |
_a617.3 _bKIM |
||
| 100 | _aKIM D.H.,KIM Y.C.,KIM K.H. | ||
| 245 |
_aMINIMALLY INVASIVE PERCUTANEOUS SPINAL TECHNIQUES + ONLINE _hTextual Documents |
||
| 250 | _a1. | ||
| 260 | _bSAUNDERS | ||
| 300 |
_a486: _bX; _cHB+ _eONLINE. |
||
| 930 | _a5158 | ||
| 999 |
_c799685 _d799685 |
||
| 650 | _aORTHO | ||